Význam práce v životě českých a slovenských starších pracovníků

Nárast počtu seniorov a aktívne stárnutie. Miera zamestnanosti populácie vo veku 55-64 rokov v období 1998 - 2008 v percentách. Hodnota práce. Významné aspekty práce. Premena postojov k práci súčasných starších pracovníkov.

Na minha lista:
Detalhes bibliográficos
Autor principal: Kafková Petrová, Marcela
Outros Autores: Rabušic, Ladislav
Formato: Capítulo de Livro
Idioma:tcheco
Assuntos:
Tags: Adicionar Tag
Sem tags, seja o primeiro a adicionar uma tag!

MARC

LEADER 00000naa a2200000 4500
001 0117327
005 20231102121215.1
041 0 |a cze 
044 |a SK 
245 1 0 |a Význam práce v životě českých a slovenských starších pracovníků  |c Marcela Kafková Petrová, Ladislav Rabušic 
520 |a Nárast počtu seniorov a aktívne stárnutie. Miera zamestnanosti populácie vo veku 55-64 rokov v období 1998 - 2008 v percentách. Hodnota práce. Významné aspekty práce. Premena postojov k práci súčasných starších pracovníkov. 
610 2 0 |a práca 
610 2 0 |a hodnota 
610 2 0 |a vek 
610 2 0 |a seniori 
610 2 0 |a zamestnanosť 
610 2 0 |a Slovensko 
610 2 0 |a Česko 
100 1 |a Kafková Petrová, Marcela 
700 1 |a Rabušic, Ladislav